[Event "WYCC U16 Girls 2013"]
[Site "Al-Ain UAE"]
[Date "2013.12.20"]
[Round "3.27"]
[White "Markaki,S"]
[Black "Fuskova,M"]
[Result "0-1"]
[WhiteElo "1789"]
[BlackElo "1969"]

1.e4 c5 2.Nf3 Nc6 3.Bb5 g6 4.O-O Bg7 5.c3 e5 6.Na3 Nge7 7.Re1 O-O 8.Nc2 d5
9.exd5 Qxd5 10.Ne3 Qd8 11.d3 Qc7 12.Ba4 h6 13.Qe2 Be6 14.Nc4 Bxc4 15.dxc4 Rad8
16.Be3 b6 17.Rad1 Kh7 18.Bc2 f5 19.Bc1 Rxd1 20.Rxd1 Rd8 21.Nh4 Bf6 22.Nf3 e4
23.Ne1 Ne5 24.f3 Rxd1 25.Bxd1 exf3 26.Nxf3 Nxf3+ 27.Qxf3 Qe5 28.Qf2 Nc6 29.Bf4 Qe4
30.Bc2 Qxc4 31.Qd2 Bg7 32.Bb3 Qe4 33.Bc2 Qe7 34.h3 Ne5 35.Qd5 Qd7 36.Qa8 c4
37.b3 Nd3 38.Bd2 Nc5 39.Be1 cxb3 40.axb3 Qe7 41.Kf1 Qc7 42.g3 Qb7 43.Qxb7 Nxb7
44.Ke2 Be5 45.Kf3 Kg7 46.Bd2 Nd6 47.c4 g5 48.Be3 Kf6 49.c5 bxc5 50.Bxc5 Nb5
51.Kf2 Bd4+ 52.Bxd4+ Nxd4 53.Bd1 Ke5 54.Kg2 Ke4 55.b4 Ke3 56.Kf1 Nc6 57.Bc2 f4
58.gxf4 gxf4 59.b5 Nd4 60.Ba4 Kf3 61.h4 Kg4 62.Kf2 Kxh4 63.Bd1 Nxb5 64.Kf3 Kg5  0-1

[Event "Russian Rapid Cup Final 2013"]
[Site "Khanty-Mansiysk RUS"]
[Date "2013.12.20"]
[Round "1.2"]
[White "Pridorozhni,A"]
[Black "Belous,V"]
[Result "1-0"]
[WhiteElo "2517"]
[BlackElo "2550"]

1.e4 c5 2.Nf3 Nc6 3.Bb5 d6 4.O-O Bd7 5.c3 Nf6 6.Re1 a6 7.Bf1 Bg4 8.h3 Bxf3
9.Qxf3 g6 10.d3 Bg7 11.Be3 Nd7 12.Nd2 O-O 13.Qd1 b5 14.a3 Qb8 15.f4 Qb7 16.Nf3 Nb6
17.Bf2 Rfd8 18.Qc2 Rac8 19.Rad1 b4 20.h4 bxc3 21.bxc3 Nd7 22.h5 Qc7 23.hxg6 hxg6
24.Qd2 Nf6 25.f5 gxf5 26.exf5 Qa5 27.Rc1 c4 28.d4 Qxf5 29.Bxc4 a5 30.Bd3 Qh5
31.Rb1 Ng4 32.Bg3 e5 33.Rb5 d5 34.dxe5 Ncxe5 35.Nxe5 Nxe5 36.Be2 Qg6 37.Bf2 Nc4
38.Qc1 Bh6 39.Qd1 Ne3 40.Bxe3 Bxe3+ 41.Kh1 Qg3 42.Bg4 Bf4 43.Kg1 d4 44.Bxc8 Qh2+
45.Kf1 Qh1+ 46.Kf2 Qh4+ 47.Kf1 Qh1+ 48.Kf2 Qh4+ 49.Kf1 Rxc8 50.Rh5 Qf6 51.Qxd4 Be5+
52.Qf2 Qa6+ 53.Kg1 Bxc3 54.Qg3+ Kf8 55.Rf1 Bd4+ 56.Kh2 Rc6 57.Qb8+ Kg7 58.Qh8+  1-0

[Event "WYCC U16 Girls 2013"]
[Site "Al-Ain UAE"]
[Date "2013.12.21"]
[Round "5.16"]
[White "Tursunova,Shakhnoza"]
[Black "Rodionova,Polina"]
[Result "0-1"]
[WhiteElo "1937"]
[BlackElo "2095"]

1.e4 c5 2.Nf3 Nc6 3.Bb5 g6 4.O-O Bg7 5.Bxc6 dxc6 6.d3 Bg4 7.h3 Bxf3 8.Qxf3 e5
9.Be3 Qe7 10.a4 Nf6 11.Nc3 Nd7 12.Qe2 Nf8 13.f4 exf4 14.Bxf4 Ne6 15.Be3 O-O
16.Rab1 Rae8 17.Qd2 Nd4 18.Rbd1 b6 19.Kh1 Qd7 20.b3 f5 21.exf5 Nxf5 22.Bf4 h6
23.Ne4 g5 24.Bh2 Rf7 25.Rf3 Kh8 26.Qf2 Bd4 27.Qd2 Ref8 28.Rdf1 Ne3 29.Rxf7 Rxf7
30.Rxf7 Qxf7 31.c3 Qf1+ 32.Bg1 Nc4 33.cxd4 Nxd2 34.Nxd2 Qxd3 35.Nf3 Qxb3
36.dxc5 bxc5 37.Bxc5 Qxa4  0-1

[Event "ch-CZE Blitz Prelim 2013"]
[Site "Brno CZE"]
[Date "2013.12.21"]
[Round "3.2"]
[White "Navara,D"]
[Black "Jirovsky,M"]
[Result "0-1"]
[WhiteElo "2708"]
[BlackElo "2480"]

1.e4 c5 2.Nf3 Nc6 3.Bb5 g6 4.Bxc6 dxc6 5.d3 Bg7 6.Nc3 Nf6 7.h3 Nd7 8.Be3 e5
9.Qd2 h6 10.O-O Qe7 11.a3 a5 12.Nh2 a4 13.f4 exf4 14.Bxf4 Nf8 15.e5 Ne6 16.Ne4 Nxf4
17.Nd6+ Kd8 18.Qxf4 Rf8 19.Nxf7+ Kc7 20.Qg3 g5 21.Rae1 Rxf7 22.e6+ Rf4 23.Rxf4 gxf4
24.Qxf4+ Kb6 25.Qe4 Ra5 26.c4 Ra8 27.Nf3 Qxe6 28.Qxe6 Bxe6 29.Rxe6 Bxb2 30.Re2 Bxa3
31.Ra2 Bc1 32.Kf2 a3 33.Ke2 Ka5 34.Kd1 Bb2 35.Kc2 Kb4 36.Nd2 Rf8 37.Ne4 Rf1  0-1

[Event "ch-CZE Blitz Prelim 2013"]
[Site "Brno CZE"]
[Date "2013.12.21"]
[Round "8.2"]
[White "Hracek,Z"]
[Black "Kislinsky,A"]
[Result "0-1"]
[WhiteElo "2638"]
[BlackElo "2504"]

1.e4 c5 2.Nf3 Nc6 3.Bb5 d6 4.O-O Bd7 5.Re1 Nf6 6.c3 a6 7.Ba4 b5 8.Bc2 Bg4
9.h3 Bxf3 10.Qxf3 g6 11.a4 b4 12.a5 Rc8 13.Ba4 Nd7 14.d4 cxd4 15.Bxc6 Rxc6
16.cxd4 Bg7 17.e5 Qc8 18.Bg5 dxe5 19.Nd2 h6 20.Bh4 g5 21.Bg3 exd4 22.Nb3 e6
23.Rac1 Rxc1 24.Rxc1 Qd8 25.Bc7 Qc8 26.Be5 Qxc1+ 27.Nxc1 Bxe5 28.Qa8+ Ke7
29.Qxa6 Nc5 30.Qc6 Bd6 31.a6 d3 32.Nxd3 Nxd3 33.a7 Nxb2 34.a8=Q Rxa8 35.Qxa8 Nc4
36.Qe4 Ne5 37.g3 Nd7 38.Kg2 Nf6 39.Qb7+ Nd7 40.Kf1 h5 41.Ke2 h4 42.gxh4 gxh4
43.Qe4 b3 44.Qxh4+ Ke8 45.Qh8+ Ke7 46.Qc3 Nc5 47.h4 Kd7 48.h5 Kc6 49.h6 f6
50.h7 Be5 51.Qf3+ Kb5 52.h8=Q b2 53.Qe8+ Kb4 54.Qg6 f5 55.Qxe6 Nxe6 56.Qxf5 Nd4+
57.Kd3 Nxf5  0-1

[Event "51st Groningen Open A 2013"]
[Site "Groningen NED"]
[Date "2013.12.21"]
[Round "1.35"]
[White "De Groot,Hendrik"]
[Black "Berkovich,M"]
[Result "1/2-1/2"]
[WhiteElo "2063"]
[BlackElo "2366"]

1.Nf3 c5 2.e4 Nc6 3.Bb5 g6 4.Bxc6 bxc6 5.d3 Bg7 6.O-O d6 7.Re1 e5 8.Na3 Ne7
9.Nc4 O-O 10.a4 f5 11.c3 Kh8 12.b4 cxb4 13.cxb4 Be6 14.Qc2 Qc7 15.Bb2 h6
16.Rac1 Rac8 17.Qd2 g5 18.exf5 Nxf5 19.Ncxe5 dxe5 20.Nxe5 Bd5 21.Ng6+ Kh7
22.Nxf8+ Rxf8 23.Bxg7 Qxg7 24.Qc3 Qf7 25.Qc5 Kg6 26.Re5 Nh4 27.f3 Nxf3+ 28.gxf3 Qxf3
29.Rxd5 Qg4+ 30.Kh1 Qf3+ 31.Kg1 cxd5 32.Qd6+ Rf6 33.Qg3 Qe2 34.b5 Qd2 35.Rf1 Rxf1+
36.Kxf1 Qd1+ 37.Kg2 Qxa4 38.Qd6+ Kh5 39.Qxd5 Qg4+ 40.Kf2 Qh4+ 41.Kg2 Qg4+
42.Kf2  1/2-1/2

[Event "51st ch-IND Premier 2013"]
[Site "Jalgaon IND"]
[Date "2013.12.21"]
[Round "5.7"]
[White "Rathnakaran,K"]
[Black "Shyam,N"]
[Result "1/2-1/2"]
[WhiteElo "2411"]
[BlackElo "2420"]

1.e4 c5 2.Nf3 Nc6 3.Bb5 e6 4.O-O Nge7 5.Re1 a6 6.Bf1 d5 7.exd5 Nxd5 8.d4 Nf6
9.Be3 cxd4 10.Nxd4 Nxd4 11.Bxd4 Be7 12.c4 O-O 13.Nc3 Bd7 14.Qd3 Bc6 15.Rad1 Nd7
16.Ne4 Qc7 17.Qh3 Bxe4 18.Rxe4 Bf6 19.Bxf6 Nxf6 20.Red4 Rad8 21.Qf3 Rxd4
22.Rxd4 a5 23.h3 b6 24.Qd3 Qc5 25.a3 e5 26.Rd8 g6 27.Rxf8+ Kxf8 28.Be2 Ke7
29.Bf3 Ne8 30.g4 Nc7 31.g5 Ne6 32.Bg4 e4 33.Qxe4 Qxg5 34.Kh2 f5 35.Qb7+ Kf6
36.Bf3 Qf4+ 37.Kg2 Qg5+ 38.Kh2 Qf4+ 39.Kg2 Qxc4 40.Qxb6 a4 41.Qc6 Qd4 42.Kg1 Ke5
43.Qb5+ Kf4 44.Bd5 Nc5 45.Qb8+ Qe5 46.Qd8 Ne4 47.Qh4+ Kf3 48.Bxe4+ Qxe4 49.Qg3+ Ke2
50.b4 axb3 51.Qxb3 Qd4 52.Qc2+ Kf3 53.Qc6+ Ke2 54.Qc2+ Kf3 55.Qb3+ Ke2 56.Qc2+  1/2-1/2

[Event "Chinese Teams 2013"]
[Site "Tianjin CHN"]
[Date "2013.12.21"]
[Round "19.5"]
[White "Fang,Yan"]
[Black "Wan Yunguo"]
[Result "1-0"]
[WhiteElo "2297"]
[BlackElo "2516"]

1.e4 c5 2.Nf3 Nc6 3.Bb5 Nf6 4.Nc3 Qc7 5.O-O Nd4 6.Re1 a6 7.Bf1 e5 8.d3 h6
9.Nd5 Nxd5 10.exd5 d6 11.c3 Nxf3+ 12.Qxf3 f5 13.Qg3 g5 14.Bd2 Bg7 15.d4 O-O
16.dxe5 dxe5 17.c4 Bd7 18.b4 b6 19.Qa3 a5 20.bxa5 bxa5 21.Rab1 a4 22.Rb2 Rfb8
23.Reb1 Bf8 24.Ba5 Qc8 25.Bc3 Bd6 26.Re1 Qc7 27.Rbe2 Re8 28.g3 Rab8 29.Ba1 Kh7
30.Qc3 g4 31.h3 h5 32.hxg4 hxg4 33.f4 gxf3 34.Qxf3 Kg6 35.Rh2 Rh8 36.Rxh8 Rxh8
37.Bd3 Rh5 38.g4 Rg5 39.Kf2 Kf6 40.Qh3 Rxg4 41.Qh8+ Kf7 42.Rh1 Rg7 43.Be2 Bf8
44.Bh5+ Ke7 45.Re1 e4 46.Bf6+  1-0

[Event "Chinese Teams 2013"]
[Site "Tianjin CHN"]
[Date "2013.12.21"]
[Round "19.3"]
[White "Yu Yangyi"]
[Black "Yap,K"]
[Result "1-0"]
[WhiteElo "2668"]
[BlackElo "2414"]

1.e4 c5 2.Nf3 Nc6 3.Bb5 e6 4.O-O Nge7 5.d4 cxd4 6.Nxd4 a6 7.Be2 Nxd4 8.Qxd4 Nc6
9.Qc3 Qf6 10.Qxf6 gxf6 11.Be3 d5 12.exd5 Nb4 13.Nc3 Nxc2 14.Rad1 Nxe3 15.fxe3 Bc5
16.Ne4 Bxe3+ 17.Kh1 f5 18.Nd6+ Kf8 19.Bh5 Kg7 20.Bxf7 exd5 21.Bxd5 Rd8 22.Bxb7 Bxb7
23.Nxf5+ Kg6 24.Nxe3 Rxd1 25.Rxd1 Re8 26.Rd3 Rc8 27.Kg1 Kg5 28.Kf2 Kf4 29.Rd7 Be4
30.Re7 Bb1 31.h4  1-0

[Event "WYCC U16 Girls 2013"]
[Site "Al-Ain UAE"]
[Date "2013.12.24"]
[Round "8.18"]
[White "Egorova,Ayyyna"]
[Black "Patel,Y"]
[Result "1/2-1/2"]
[WhiteElo "2006"]
[BlackElo "1860"]

1.e4 c5 2.Nf3 Nc6 3.Bb5 g6 4.Bxc6 bxc6 5.O-O Bg7 6.Re1 Nf6 7.e5 Nd5 8.c4 Nc7
9.d4 cxd4 10.Qxd4 Ne6 11.Qh4 O-O 12.Nc3 f6 13.Ne4 fxe5 14.Neg5 Nxg5 15.Bxg5 Qc7
16.Bxe7 Rf4 17.Qg5 Rf5 18.Bd8 Qb8 19.Qd2 Ba6 20.Ba5 Bxc4 21.Qxd7 Bd5 22.Bc3 Qb6  1/2-1/2

[Event "51st Groningen Open A 2013"]
[Site "Groningen NED"]
[Date "2013.12.26"]
[Round "5.11"]
[White "Zakhartsov,Vl"]
[Black "Novikov,St1"]
[Result "0-1"]
[WhiteElo "2358"]
[BlackElo "2556"]

1.e4 c5 2.Nf3 Nc6 3.Bb5 g6 4.Bxc6 bxc6 5.O-O Bg7 6.Re1 d6 7.e5 Bg4 8.exd6 Qxd6
9.h3 Bxf3 10.Qxf3 Nh6 11.Nc3 Nf5 12.Ne4 Qd5 13.c4 Qe5 14.d3 Nd4 15.Qd1 f5
16.Ng5 Qd6 17.Be3 O-O 18.Bxd4 Bxd4 19.Ne6 Bxb2 20.Nxf8 Bxa1 21.Qxa1 Rxf8
22.Qe5 Kf7 23.Qxd6 exd6 24.Rb1 Ke6 25.f4 Rf7 26.Kf2 d5 27.Ke3 Kd6 28.Kd2 Re7
29.Re1 Rg7 30.g3 g5 31.Re5 gxf4 32.gxf4 Rg2+ 33.Re2 Rg3 34.Re3 Rg2+ 35.Re2 Rg1
36.Re1 Rg6 37.Re5 Rh6 38.Re3 Rh4 39.Rf3 Kc7 40.Kc2 Kb6 41.Kc3 Rh6 42.Rg3 Re6
43.Rg5 d4+ 44.Kd2 Re3 45.Rh5 Rg3 46.Rxh7 Rg2+ 47.Kc1 Rxa2 48.Rf7 Rh2 49.Rxf5 Rxh3
50.Kc2 Rh2+ 51.Kc1 Ka5 52.Rf7 a6 53.Rb7 Rf2 54.Rb2 Rxf4 55.Ra2+ Kb6 56.Rb2+ Kc7
57.Rh2 Rf8 58.Kc2 Kb6 59.Kb3 Rf1 60.Kc2 Rg1 61.Kb2 Rg3 62.Rd2 Rg1 63.Rh2 Rg3
64.Rd2 a5 65.Ka3 Rg1 66.Rb2+ Ka6 67.Rb8 Rd1 68.Rb3 Ra1+ 69.Kb2 Ra4 70.Ra3 Rb4+
71.Kc2 a4 72.Ra1 Ka5 73.Rh1 a3 74.Rh8 Rb2+ 75.Kc1 Kb4 76.Ra8 Rh2 77.Rc8 Kc3  0-1

[Event "51st Groningen Open A 2013"]
[Site "Groningen NED"]
[Date "2013.12.26"]
[Round "5.20"]
[White "Schippers,Maurice"]
[Black "Hendriks,W"]
[Result "0-1"]
[WhiteElo "2216"]
[BlackElo "2396"]

1.e4 c5 2.Nf3 Nc6 3.Bb5 g6 4.O-O Bg7 5.Re1 Nf6 6.c3 O-O 7.d4 d5 8.exd5 Qxd5
9.dxc5 Qxc5 10.Bxc6 Qxc6 11.Nd4 Qc7 12.Qe2 Bd7 13.f4 Rae8 14.Nf3 Nd5 15.Ne5 Bf5
16.Kh1 f6 17.Nd3 Rd8 18.Nf2 Nxf4 19.Qe3 Nd3 20.Nxd3 Bxd3 21.Qxa7 e5 22.Qf2 f5
23.Be3 Qc6 24.Bc5 Rf7 25.Nd2 f4 26.Rad1 Bc2 27.Rc1 Bf5 28.b4 Bd3 29.Nf3 Re8
30.Rcd1 e4 31.Nd4 Qc8 32.Qh4 Re5 33.Bd6 Rh5 34.Qf2 Qxc3 35.Ne6 Qf6 36.Nxg7 Kxg7
37.Bc5 Rd5 38.g3 f3 39.a4 Rfd7 40.Be3 h6 41.Bc1 Kh7 42.Bb2 Qf5 43.Rc1 Re7
44.Re3 Be2 45.Ra3 Red7 46.Raa1 Rd3 47.Rg1 e3 48.Qe1 Qe4  0-1

[Event "VII Stadium Casablanca Open 2013"]
[Site "Zaragoza ESP"]
[Date "2013.12.26"]
[Round "1.13"]
[White "Firat,B"]
[Black "Pellicer Sancho,R"]
[Result "1-0"]
[WhiteElo "2433"]
[BlackElo "1750"]

1.e4 c5 2.Nf3 Nc6 3.Bb5 a6 4.Bxc6 dxc6 5.h3 g6 6.d3 Bg7 7.Nc3 b5 8.Be3 Qa5
9.Qd2 Bb7 10.e5 b4 11.Ne4 c4 12.Bc5 c3 13.bxc3 Bh6 14.Qe2 bxc3 15.O-O Bc8
16.Nd4 Bd7 17.Nb3 Qc7 18.Nxc3 Bg7 19.f4 Nh6 20.Ne4 Be6 21.Nd4 O-O 22.Nxe6 fxe6
23.Qd2 Nf7 24.d4 Nd8 25.Rab1 Bh6 26.g3 Nb7 27.Qb4 Nxc5 28.Nxc5 Kf7 29.Qc4 Qc8
30.Rb7 Rb8 31.Rxb8 Qxb8 32.Nd7  1-0

[Event "WYCC U16 Girls 2013"]
[Site "Al-Ain UAE"]
[Date "2013.12.27"]
[Round "10.13"]
[White "Egorova,Ayyyna"]
[Black "Vidic,Teja"]
[Result "1-0"]
[WhiteElo "2006"]
[BlackElo "1882"]

1.e4 c5 2.Nf3 Nc6 3.Bb5 e6 4.Bxc6 bxc6 5.b3 d6 6.O-O e5 7.h3 Ne7 8.Nh2 Ng6
9.Nc3 Be7 10.Ne2 f5 11.f4 O-O 12.fxe5 Nxe5 13.exf5 Rxf5 14.Rxf5 Bxf5 15.d4 cxd4
16.Nxd4 Qd7 17.Nxf5 Qxf5 18.Bb2 Rf8 19.Qe2 Bf6 20.Rf1 Qd7 21.Kh1 Ng4 22.Nxg4 Bxb2
23.Re1 Qf7 24.Qd3 Qf4 25.c3 Bc1 26.Qc2 Bd2 27.Rd1 Be3 28.Nxe3 Qxe3 29.Qd3 Qxd3
30.Rxd3 Rf1+ 31.Kh2 d5 32.Rd4 Rc1 33.Ra4 Rxc3 34.Rxa7 d4 35.Kg1 Rc1+ 36.Kf2 Rc2+
37.Kf3 d3 38.a4 Rb2 39.Rb7 c5 40.a5 Rb1 41.Ke3 c4 42.a6 Re1+ 43.Kd2 Re2+
44.Kc3 Rc2+ 45.Kb4 Ra2 46.bxc4 Rxa6 47.Rd7 Ra2 48.g4 Kf8 49.Rxd3 Ke8 50.c5 Rb2+
51.Ka5 Ra2+ 52.Kb6 Rb2+ 53.Kc7 h6 54.c6 g6 55.Re3+ Kf7 56.Kc8 Rb1 57.c7 Rb2
58.Re4 Rb1 59.Kd7 Rd1+ 60.Kc6 Rc1+ 61.Kd6 Rc2 62.Re5 Kf6 63.Rc5 Rd2+ 64.Kc6  1-0

[Event "51st ch-IND Premier 2013"]
[Site "Jalgaon IND"]
[Date "2013.12.28"]
[Round "11.5"]
[White "Shyam,N"]
[Black "Akshat,Kh"]
[Result "1-0"]
[WhiteElo "2420"]
[BlackElo "2409"]

1.e4 c5 2.Nf3 Nc6 3.Bb5 e6 4.O-O Nge7 5.Nc3 a6 6.Bxc6 Nxc6 7.d4 cxd4 8.Nxd4 d6
9.Re1 Be7 10.Nxc6 bxc6 11.Qg4 Bf6 12.e5 dxe5 13.Ne4 h5 14.Qg3 Ra7 15.Be3 Rd7
16.Bc5 Rh6 17.c4 h4 18.Qb3 Rd3 19.Qa4 Be7 20.Rad1 Bxc5 21.Rxd3 Qxd3 22.Qxc6+ Bd7
23.Qxc5 h3 24.Nd6+ Kd8 25.Nxf7+  1-0

[Event "Cracovia Open A 2013-14"]
[Site "Krakow POL"]
[Date "2013.12.28"]
[Round "2.2"]
[White "Kulon,K"]
[Black "Heberla,B"]
[Result "0-1"]
[WhiteElo "2309"]
[BlackElo "2561"]

1.e4 c5 2.Nf3 Nc6 3.Bb5 a6 4.Bxc6 dxc6 5.h3 Qc7 6.d3 e5 7.O-O Ne7 8.a4 a5
9.Bd2 Ng6 10.Na3 Be7 11.Nc4 O-O 12.Bc3 f6 13.Qd2 b6 14.b3 Be6 15.Kh2 Bd8
16.g3 Qd7 17.Ng1 f5 18.exf5 Rxf5 19.g4 Rf4 20.Nxe5 Qc7 21.f3 Bd5 22.Nxg6 hxg6
23.Rae1 Rxf3+ 24.Be5 Rxf1 25.Nf3 Rxe1 26.Bxc7 Bxc7+ 27.Kg2 Rae8  0-1

[Event "12th Nantes Open"]
[Site "Nantes FRA"]
[Date "2013.12.28"]
[Round "2.4"]
[White "Le Borgne,P"]
[Black "Lalic,B"]
[Result "1/2-1/2"]
[WhiteElo "2257"]
[BlackElo "2492"]

1.e4 c5 2.Nf3 Nc6 3.Bb5 d6 4.d4 cxd4 5.Qxd4 Bd7 6.Bxc6 Bxc6 7.Nc3 e5 8.Qd3 h6
9.O-O Nf6 10.Nd2 Be7 11.Nc4 b5 12.Ne3 b4 13.Ncd5 Nxd5 14.Nxd5 Bxd5 15.Qxd5 O-O  1/2-1/2

[Event "51st Groningen Open A 2013"]
[Site "Groningen NED"]
[Date "2013.12.30"]
[Round "9.2"]
[White "Andriasian,Z"]
[Black "Novikov,St1"]
[Result "1-0"]
[WhiteElo "2610"]
[BlackElo "2556"]

1.e4 c5 2.Nf3 Nc6 3.Bb5 d6 4.O-O Bd7 5.c3 Nf6 6.Re1 a6 7.Ba4 b5 8.Bc2 Bg4
9.h3 Bxf3 10.Qxf3 g6 11.a4 b4 12.a5 Nd7 13.Ba4 Nce5 14.Qg3 c4 15.d4 Nd3 16.Rd1 Bg7
17.Nd2 Rc8 18.b3 Nxc1 19.Raxc1 cxb3 20.cxb4 Rxc1 21.Rxc1 b2 22.Rb1 Bxd4 23.Qd3 Bg7
24.Qxa6 O-O 25.Qb5 Qc7 26.Qc6 Qb8 27.Qb5 Rc8 28.Nc4 Qa8 29.Nxb2 Qxe4 30.Qd3 Qxb4
31.Bxd7 Rb8 32.a6 Qb6 33.Bb5 Bd4 34.Nd1 d5 35.Qe2 Qc5 36.Bd3 Rxb1 37.Bxb1 e6
38.Bd3 Kg7 39.Qc2 Qa5 40.Bf1 h5 41.Qd3 Qa1 42.h4 Kg8 43.g3 Kg7 44.Kg2 Kg8
45.Be2 Kg7 46.Ne3 Qb2 47.Nc2 Bc5 48.Na3 Kg8 49.Nb5 Bb6 50.Qf3 Qb4 51.a7 Qa4
52.Qf4  1-0

[Event "Cracovia Open A 2013-14"]
[Site "Krakow POL"]
[Date "2014.01.03"]
[Round "8.7"]
[White "Warakomski,T"]
[Black "Swiech,Pr1"]
[Result "1-0"]
[WhiteElo "2499"]
[BlackElo "2270"]

1.e4 c5 2.Nf3 Nc6 3.Bb5 g6 4.O-O Bg7 5.Nc3 d6 6.e5 dxe5 7.Bxc6+ bxc6 8.Re1 f6
9.Qe2 Nh6 10.Qc4 Bg4 11.d3 Bxf3 12.Bxh6 Bxh6 13.gxf3 Bd2 14.Re4 Bxc3 15.Qxc3 Qd5
16.Kg2 Rb8 17.a3 g5 18.Rae1 Rg8 19.Kf1 Rg6 20.R1e3 Rh6 21.Kg1 Qe6 22.b3 Qh3
23.Rg4 Qxh2+ 24.Kf1 Qh1+ 25.Rg1 Qh3+ 26.Ke2 Qd7 27.Qxc5 Rb5 28.Qc4 Qd5 29.Qg4 Qd7
30.Qc4 Kf8 31.Re4 Rg6 32.Rh1 Kg7 33.Re3 Rd5 34.b4 h6 35.Kd2 f5 36.Qc3 Qd6
37.a4 Rd4 38.b5 f4 39.Re2 c5 40.a5 c4 41.Rb1 Qd5 42.Rb4 Rd6 43.Re4 cxd3 44.Rbxd4 exd4
45.Qc7 dxc2 46.Qxe7+ Kg6 47.Qe8+ Qf7 48.Kxc2 Qxe8 49.Rxe8 d3+ 50.Kd2 Rd5
51.Rb8 h5 52.a6 g4 53.b6 axb6 54.a7 Ra5 55.a8=Q Rxa8 56.Rxa8 Kg5 57.Rg8+ Kh4
58.fxg4 hxg4 59.Kxd3 Kh3 60.Ke4  1-0

[Event "Bay Area International 2014"]
[Site "Santa Clara USA"]
[Date "2014.01.03"]
[Round "3.26"]
[White "Xiong,Jeffrey"]
[Black "Melekhina,A"]
[Result "1-0"]
[WhiteElo "2331"]
[BlackElo "2188"]

1.e4 c5 2.Nf3 Nc6 3.Bb5 g6 4.Bxc6 dxc6 5.d3 Bg7 6.O-O e5 7.a3 Ne7 8.b4 Qd6
9.Nbd2 cxb4 10.axb4 Qc7 11.Bb2 f6 12.Ra3 g5 13.Qa1 g4 14.Ne1 a6 15.d4 Be6
16.dxe5 fxe5 17.Nd3 Ng6 18.f4 gxf3 19.Nxf3 Bc4 20.Nd2 Bxd3 21.Rxd3 Rd8 22.Rxd8+ Qxd8
23.Nc4 Qc7 24.Qd1 Bf8 25.Nxe5 Rg8 26.Ng4 Bg7 27.Bxg7 Rxg7 28.Qd4 Rf7 29.Nf6+ Ke7
30.Qc5+ Kd8 31.Rd1+ Kc8 32.Ne8 b6 33.Qc4 b5 34.Qe6+  1-0

[Event "26th Staufer-Open A 2014"]
[Site "Schwaebisch Gmuend GER"]
[Date "2014.01.03"]
[Round "4.8"]
[White "Grimberg,B"]
[Black "Pohl,Wa"]
[Result "1-0"]
[WhiteElo "2382"]
[BlackElo "2129"]

1.e4 c5 2.Nf3 Nc6 3.Bb5 g6 4.Bxc6 dxc6 5.d3 Bg7 6.h3 Nf6 7.Nc3 O-O 8.Bf4 Ne8
9.Qd2 Nc7 10.Bh6 Ne6 11.h4 f6 12.Ne2 Rf7 13.Bxg7 Rxg7 14.h5 Nd4 15.Nfxd4 cxd4
16.hxg6 Rxg6 17.O-O-O e5 18.Rh4 Bg4 19.Rdh1 Rg7 20.Ng3 Qe7 21.f4 exf4 22.Qxf4 Qe6
23.b3 Rf8 24.Rf1 b6 25.e5 f5 26.Ne4 h5 27.Kb2 Kh7 28.Ng5+  1-0

[Event "26th Staufer-Open A 2014"]
[Site "Schwaebisch Gmuend GER"]
[Date "2014.01.04"]
[Round "5.10"]
[White "Schackmann,Oliver"]
[Black "Dimitrijevic,A"]
[Result "1/2-1/2"]
[WhiteElo "1928"]
[BlackElo "2276"]

1.e4 c5 2.Nf3 Nc6 3.Bb5 Nd4 4.Nxd4 cxd4 5.O-O e6 6.d3 a6 7.Bc4 b5 8.Bb3 Ne7
9.Nd2 Bb7 10.Nf3 Nc6 11.Bf4 Bc5 12.c3 O-O 13.Rc1 Qb6 14.cxd4 Nxd4 15.Nxd4 Bxd4
16.Qd2 Rac8 17.Be3 f5 18.exf5 Rxf5 19.Bxd4 Qxd4 20.Qe3 Qxe3 21.Rxc8+ Bxc8
22.fxe3 Rxf1+ 23.Kxf1 Bb7 24.e4  1/2-1/2

[Event "26th Staufer-Open A 2014"]
[Site "Schwaebisch Gmuend GER"]
[Date "2014.01.04"]
[Round "6.19"]
[White "Wolf,Wa"]
[Black "Pohl,Wa"]
[Result "0-1"]
[WhiteElo "2246"]
[BlackElo "2129"]

1.e4 c5 2.Nf3 Nc6 3.Bb5 g6 4.c3 Bg7 5.O-O Nf6 6.Re1 O-O 7.d4 cxd4 8.cxd4 d6
9.Nc3 Bg4 10.Be3 a6 11.Be2 e5 12.d5 Ne7 13.Qb3 Rb8 14.a4 Qd7 15.Rac1 Nh5
16.Nd2 Bxe2 17.Nxe2 f5 18.Bb6 Rbc8 19.exf5 gxf5 20.Nc4 Kh8 21.a5 Bh6 22.Rcd1 f4
23.Qb4 Nf5 24.Nd2 Rg8 25.Qb3 Nh4 26.Ng3 fxg3 27.hxg3 Nf5 28.Ne4 Rcf8 29.Rd3 Qg7
30.Qd1 Qg6 31.Rc3 Nf6 32.Nxf6 Qxf6 33.Qb3 Bd2  0-1

[Event "Bay Area International 2014"]
[Site "Santa Clara USA"]
[Date "2014.01.05"]
[Round "5.12"]
[White "Xiong,Jeffrey"]
[Black "Gerzhoy,L"]
[Result "1/2-1/2"]
[WhiteElo "2331"]
[BlackElo "2481"]

1.e4 c5 2.Nf3 Nc6 3.Bb5 e6 4.Bxc6 bxc6 5.b3 f6 6.Ba3 e5 7.O-O Nh6 8.c3 d5
9.exd5 cxd5 10.d4 e4 11.Re1 Bg4 12.h3 Bxf3 13.gxf3 f5 14.dxc5 Qg5+ 15.Kf1 Rd8
16.c6 Bxa3 17.Nxa3 Qh4 18.c7 Qxh3+ 19.Ke2 Qxf3+ 20.Kf1 Qh3+ 21.Ke2  1/2-1/2

[Event "26th Staufer-Open A 2014"]
[Site "Schwaebisch Gmuend GER"]
[Date "2014.01.05"]
[Round "8.6"]
[White "Bodrozic,T"]
[Black "Mladenov,Sv"]
[Result "0-1"]
[WhiteElo "2256"]
[BlackElo "2467"]

1.e4 c5 2.Nf3 Nc6 3.Bb5 g6 4.Bxc6 bxc6 5.O-O Bg7 6.Re1 f6 7.c3 Nh6 8.d4 cxd4
9.cxd4 Nf7 10.Nc3 O-O 11.Be3 Qa5 12.Nd2 d6 13.Rc1 f5 14.e5 dxe5 15.dxe5 Be6
16.f4 g5 17.g3 gxf4 18.gxf4 Rab8 19.b3 Rfd8 20.Qe2 Kh8 21.Nf3 Rg8 22.Kf2 Bh6
23.Nd4 Nd8 24.Qh5 Bg7 25.Nxf5 Bxf5 26.Qxf5 Rf8 27.Qh5 Ne6 28.Ne2 Qxa2 29.Rxc6 Nxf4
30.Bxf4 Rxf4+ 31.Kg1 Rff8 32.Rec1 Qxb3 33.R6c3 Qb6+ 34.Kh1 Qe6 35.Rh3 h6
36.Rg1 Qd5+ 37.Rg2 Rb1+ 38.Ng1 Rxg1+ 39.Kxg1 Qd4+  0-1